00560nam a2200181Ia 450000500170000000800410001702000150005808200130007324500730008626000450015930000160020465000120022065000120023270000180024494200060026295200950026899900150036320250108015605.0240331s9999 xx 000 0 und d a0195635299 bSUBa950 0aSubaltern Studies III :bWritings on South Asian History and Society aNew DelhibOxford University Pressc1994 aX, 327 p ., aHistory aSociety aGuha, R.eedt cL 001040708LaWERCLbWERCLcSSCd2024-03-31l0o 950 SUBp3638r2024-03-31w2024-03-31yL c3517d3517